Central Library OPAC University of Rajshahi

The science of entomology / (Record no. 36972)

MARC details
000 -LEADER
fixed length control field 01046nam a2200313 a 4500
001 - CONTROL NUMBER
control field 36972
003 - CONTROL NUMBER IDENTIFIER
rucl marc code BD-RjUL
005 - DATE AND TIME OF LATEST TRANSACTION
control field 20211209052549.0
008 - FIXED-LENGTH DATA ELEMENTS--GENERAL INFORMATION
fixed length control field 140924s1998 mauab b 001 0 eng d
020 ## - INTERNATIONAL STANDARD BOOK NUMBER
International Standard Book Number 0697228487
035 ## - SYSTEM CONTROL NUMBER
System control number (BD-RjUL)37074
System control number (OCoLC)37359617
040 ## - CATALOGING SOURCE
Original cataloging agency PGraM
Transcribing agency PGraM
Modifying agency DLC
-- BD-RjUL
Language of cataloging eng
041 ## - LANGUAGE CODE
Language code of text/sound track or separate title eng
082 00 - DEWEY DECIMAL CLASSIFICATION NUMBER
Classification number 595.7
Edition number 21
Author mark and year ROS 1998
100 1# - MAIN ENTRY--PERSONAL NAME
Personal name Romoser, William S.
9 (RLIN) 112953
245 14 - TITLE STATEMENT
Title The science of entomology /
Statement of responsibility, etc. William S. Romoser, John G. Stoffolano, Jr.
250 ## - EDITION STATEMENT
Edition statement 4th ed.
260 ## - PUBLICATION, DISTRIBUTION, ETC. (IMPRINT)
Place of publication, distribution, etc. Boston, Mass. :
Name of publisher, distributor, etc. WCB McGraw-Hill,
Date of publication, distribution, etc. c1998.
300 ## - PHYSICAL DESCRIPTION
Pagination xiv, 605 p. :
Illustrations ill., maps ;
Size 29 cm.
504 ## - BIBLIOGRAPHY, ETC. NOTE
Bibliography, etc Includes bibliographical references and index.
650 #0 - SUBJECT ADDED ENTRY--TOPICAL TERM
Topical term or geographic name as entry element Entomology.
9 (RLIN) 112954
700 1# - ADDED ENTRY--PERSONAL NAME
Personal name Stoffolano, J. G.
856 42 - ELECTRONIC LOCATION AND ACCESS
Materials specified Publisher description
Uniform Resource Identifier <a href="http://www.loc.gov/catdir/description/mh022/96086438.html">http://www.loc.gov/catdir/description/mh022/96086438.html</a>
Materials specified Table of contents
Uniform Resource Identifier <a href="http://www.loc.gov/catdir/toc/mh023/96086438.html">http://www.loc.gov/catdir/toc/mh023/96086438.html</a>
942 ## - ADDED ENTRY ELEMENTS (KOHA)
Source of classification or shelving scheme Dewey Decimal Classification
Koha item type Books
Holdings
Lost status Source of classification or shelving scheme Damaged status Not for loan Collection code Permanent Location Current Location Shelving location Date acquired Source of acquisition Cost, normal purchase price Total Checkouts Full call number Date last seen Copy number Koha item type
  Dewey Decimal Classification   Not For Loan Non-fiction Institute of Biological Sciences (IBSc) Library Institute of Biological Sciences (IBSc) Library   15/01/2007 Karim International 1337.00   595.7 ROS 1998 24/09/2014 C-1 Books